[Event "Challenge"]
[Site "http://www.queenalice.com/game.php?id=101144"]
[Date "2006.8.31"]
[Round "-"]
[White "hugohuguito"]
[Black "dulen"]
[Result "1-0"]
[WhiteElo "1050"]
[BlackElo "1207"]

1. e4 e5 2. Qf3 Bb4 3. Nh3 Nf6 4. Ng5 h6 5. Nh3 O-O 6. g3 d6 7. Ng5 hxg5 8. c3
Bg4 9. Qg2 Nbd7 10. cxb4 Nb6 11. f3 Bh5 12. Nc3 Nc4 13. Bxc4 c6 14. g4 Bg6 15.
h4 Nh7 16. Qh3 Re8 17. d3 Kf8 18. Bxg5 f6 19. h5 Bf7 20. Be3 Ng5 21. Qf1 Ne6 22.
h6 gxh6 23. Rxh6 Bg8 24. Rh8 Ng5 25. Qh1 d5 26. Bxg5 fxg5 27. Qh6+ Kf7 28. Qh5+
Ke7 29. Qxg5+ Kd7 30. Qg6 dxc4 31. Qg7+ Kc8 32. b5 Rf8 33. Qg6 Qxd3 34. Rd1
Qxc3+ 35. bxc3 Kc7 36. Qg7+ Kb6 37. Rd7 Rab8 38. a4 a5 39. Qxe5 Rbe8 40. Qd4+ c5
41. Qd6+ Ka7 42. Rh6 Rxf3 43. Qb6+ Kb8 44. Qxb7# 1-0

[Event "Challenge"]
[Site "http://www.queenalice.com/game.php?id=101577"]
[Date "2006.9.1"]
[Round "-"]
[White "hugohuguito"]
[Black "dulen"]
[Result "1-0"]
[WhiteElo "1072"]
[BlackElo "1181"]

1. e4 c5 2. a4 Nf6 3. c3 Nxe4 4. Qe2 f5 5. a5 Nc6 6. d3 Nd6 7. Ra4 Nxa5 8. b4
Nb3 9. bxc5 Nxc1 10. Qh5+ Nf7 11. d4 Nd3+ 12. Bxd3 g6 13. Qf3 Ng5 14. Qf4 Ne6
15. Qe5 Ng7 16. Nf3 e6 17. h4 d6 18. Qe3 Bd7 19. Qg5 Qc7 20. Rc4 d5 21. Rb4 Qa5
22. O-O Be7 23. Qh6 Nh5 24. Re1 Nf4 25. Ne5 Nxd3 26. Nxd3 O-O-O 27. Ne5 Bb5 28.
Nf7 Bf8 29. Qg5 Be7 30. Qxe7 Rhe8 31. Qf6 e5 32. c6 Bd3 33. Rxe5 Qc7 34. c4 dxc4
35. Nc3 bxc6 36. Na4 Rxd4 37. Nc5 Rxe5 38. Nxd3 Re1+ 39. Nxe1 a5 40. Rb1 Rd2 41.
Nf3 Rd5 42. N3g5 a4 43. Ne6 Qd7 44. Ra1 c3 45. Rxa4 c2 46. Ra1 Rd3 47. Ne5 Rc3
48. Nxd7 Kxd7 49. Qxc3 Kxe6 50. Qxc6+ Ke5 51. Re1+ 1-0

[Event "saradoXtulipa"]
[Site "http://www.queenalice.com/game.php?id=101613"]
[Date "2006.9.2"]
[Round "-"]
[White "jbio"]
[Black "dulen"]
[Result "0-1"]
[WhiteElo "1274"]
[BlackElo "1118"]

1. d4 Nc6 2. d5 Ne5 3. Bf4 d6 4. Bxe5 dxe5 5. e4 Nf6 6. Nc3 Bg4 7. Be2 Qd6 8.
Bxg4 Nxg4 9. Qxg4 Qg6 10. Qf3 O-O-O 11. Nge2 Qb6 12. Qf5+ Rd7 13. Na4 Qxb2 14.
Nxb2 g6 15. Qxe5 Rg8 16. O-O Bg7 17. Qf4 Bxb2 18. Rab1 Bf6 19. Rfd1 Rgd8 20. Qe3
Kb8 21. Qb3 c5 22. Qb5 Rc7 23. Rd3 Be5 24. Nc3 Bd4 25. Na4 f5 26. c3 fxe4 27.
Rh3 Be5 28. c4 Bd4 29. Rh4 Rf8 30. Rf1 e3 31. Rd1 e2 32. Re1 Bxf2+ 33. Kh1 Bxe1
34. g3 Bxg3 35. Re4 e1=R+ 36. Rxe1 Bxe1 37. Nxc5 Kc8 38. Ne6 Rf1+ 39. Kg2 Rf2+
40. Kg3 Rb2+ 0-1

[Event "Challenge"]
[Site "http://www.queenalice.com/game.php?id=102230"]
[Date "2006.9.3"]
[Round "-"]
[White "dulen"]
[Black "hugohuguito"]
[Result "0-1"]
[WhiteElo "1156"]
[BlackElo "1101"]

1. e4 e5 2. Nf3 d5 3. Bd3 dxe4 4. Bxe4 Bc5 5. Nxe5 Qd6 6. Bc6+ Nxc6 7. Nxc6 bxc6
8. O-O Ba6 9. d3 Qe5 10. Qf3 Bd6 11. Qxc6+ Ke7 12. Qxa8 Qxh2# 0-1

[Event "Challenge"]
[Site "http://www.queenalice.com/game.php?id=102632"]
[Date "2006.9.5"]
[Round "-"]
[White "hugohuguito"]
[Black "dulen"]
[Result "1-0"]
[WhiteElo "1119"]
[BlackElo "1136"]

1. d4 Nc6 2. Nc3 d5 3. e3 Bf5 4. Qf3 Bxc2 5. Bb5 a6 6. Qxd5 axb5 7. Qxb5 Rb8 8.
e4 Qxd4 9. Be3 Qd8 10. Nf3 Nf6 11. Ba7 Bd3 12. h4 Bxb5 13. Nxb5 Rc8 14. a4 Nb4
15. Rd1 Nc2+ 16. Ke2 Nd7 17. h5 e6 18. Rh4 c6 19. e5 cxb5 20. a5 Ra8 21. Bb6 Qg5
22. Nxg5 f6 23. Nxe6 Be7 24. Rxd7 Kxd7 25. Nxg7 fxe5 26. Re4 Bf6 27. Nf5 Rhg8
28. Bd4 Rg5 29. Bxe5 Rxf5 30. Bc3 Bh4 31. g3 Bg5 32. Kd1 Na3 33. bxa3 Rxf2 34.
Be1 Ra2 35. Rd4+ Kc8 36. Rd5 h6 37. Rxb5 Kc7 38. Rd5 Rxa3 39. Bb4 Ra1+ 40. Kc2
Re8 41. Bc3 Ra4 42. Kb3 Ree4 43. Be5+ Kc6 44. Rd6+ Kc7 45. Rd5+ Kc8 46. Rc5+ Kd8
47. Bc7+ Ke8 48. Rb5 Bd8 49. Bd6 Rad4 50. Be5 Rb4+ 51. Rxb4 Rxe5 52. Rxb7 Rxa5
53. Kb4 Rxh5 54. g4 Rh4 55. Kc5 Rxg4 56. Kd6 h5 57. Rh7 Rd4+ 58. Ke6 h4 59. Rh8#
1-0

[Event "Challenge"]
[Site "http://www.queenalice.com/game.php?id=102938"]
[Date "2006.9.5"]
[Round "-"]
[White "dulen"]
[Black "hugohuguito"]
[Result "0-1"]
[WhiteElo "1134"]
[BlackElo "1136"]

1. e4 e5 2. Nf3 Nf6 3. Nxe5 Nxe4 4. Bd3 Qg5 5. O-O Qxe5 6. Qe1 Bc5 7. Bxe4 Na6
8. Nc3 d6 9. d3 Bg4 10. Be3 O-O-O 11. h3 d5 12. Bxd5 Bd6 13. hxg4 Qh2# 0-1

[Event "Challenge"]
[Site "http://www.queenalice.com/game.php?id=102963"]
[Date "2006.9.6"]
[Round "-"]
[White "hugohuguito"]
[Black "dulen"]
[Result "1-0"]
[WhiteElo "1236"]
[BlackElo "1118"]

1. e4 Nf6 2. Qe2 e5 3. d4 Qe7 4. Bg5 h6 5. Bxf6 Qxf6 6. Qf3 Qg5 7. Nh3 Qc1+ 8.
Qd1 Qxb2 9. Nd2 Qxd4 10. c3 Qd6 11. Nc4 Qe6 12. Rb1 Bc5 13. Rb5 Qc6 14. Nxe5
Qxe4+ 15. Qe2 Qd5 16. Nf4 Qd6 17. g3 f6 18. Neg6+ Kf7 19. Nxh8+ Kg8 20. Nfg6 a6
21. Qe8+ Kh7 22. Ne7 axb5 23. Qg8# 1-0

[Event "Challenge"]
[Site "http://www.queenalice.com/game.php?id=104993"]
[Date "2006.9.12"]
[Round "-"]
[White "dulen"]
[Black "hugohuguito"]
[Result "0-1"]
[WhiteElo "1107"]
[BlackElo "1245"]

1. e4 e5 2. Nf3 Bc5 3. Nc3 d6 4. Nd5 Nc6 5. b4 Nxb4 6. Nxb4 Bxb4 7. Bb5+ c6 8.
Bc4 Bg4 9. h3 Be6 10. Bd3 Qa5 11. Ng5 d5 12. Qf3 O-O-O 13. Nxf7 Bxf7 14. Qxf7
dxe4 15. Bxe4 Bxd2+ 16. Kd1 Bh6+ 17. Bd3 e4 18. Bd2 Qxd2# 0-1

[Event "Challenge"]
[Site "http://www.queenalice.com/game.php?id=105325"]
[Date "2006.9.13"]
[Round "-"]
[White "hugohuguito"]
[Black "dulen"]
[Result "1-0"]
[WhiteElo "1255"]
[BlackElo "1097"]

1. e4 e5 2. Bc4 Nf6 3. d3 Nc6 4. Nc3 Nd4 5. Bg5 Be7 6. Nd5 O-O 7. Bxf6 gxf6 8.
Qg4+ Kh8 9. h4 Rg8 10. Qh5 Qf8 11. O-O-O c6 12. Ne3 Qg7 13. Nf5 Qxg2 14. Nf3
Nxf3 15. Bxf7 Rg4 16. Bc4 Bc5 17. Qe8+ Rg8 18. Bxg8 Bxf2 19. Bc4+ Qg8 20. Qxg8#
1-0

[Event "Challenge"]
[Site "http://www.queenalice.com/game.php?id=109198"]
[Date "2006.9.23"]
[Round "-"]
[White "dulen"]
[Black "jbio"]
[Result "1-0"]
[WhiteElo "1172"]
[BlackElo "1263"]

1. e4 c5 2. Bc4 Nc6 3. d3 Nf6 4. Nf3 h6 5. e5 Nh5 6. Nc3 e6 7. Be3 Be7 8. Na4 d5
9. Bb3 d4 10. Bd2 O-O 11. Qe2 f6 12. Qe4 Qd7 13. Qg6 Nf4 14. Bxf4 Rf7 15. Bxh6
Kf8 16. Qh7 Ke8 17. Bxg7 Nb4 18. Nh4 fxe5 19. Ng6 Rf5 20. Qg8+ Bf8 21. Nxf8 Qf7
22. Qh8 Rxf2 23. Nxe6+ Ke7 24. Naxc5 Bxe6 25. Nxe6 Rc8 26. Qxc8 1-0

[Event "Challenge"]
[Site "http://www.queenalice.com/game.php?id=110306"]
[Date "2006.9.27"]
[Round "-"]
[White "FENIX_40"]
[Black "dulen"]
[Result "1-0"]
[WhiteElo "1364"]
[BlackElo "1230"]

1. e4 e5 2. Nc3 Nc6 3. Nf3 d6 4. Bc4 Be6 5. d3 Nf6 6. Bg5 Qe7 7. Qd2 h6 8. Be3
Ng4 9. O-O-O Nb4 10. Nb5 O-O-O 11. Qxb4 c6 12. Nxa7+ Kd7 13. Bb6 Re8 14. Nb5 c5
15. Qa4 Nxf2 16. Nc7+ Kd8 17. Qa8+ Bc8 18. Nxe8+ Kd7 19. Bb5+ Ke6 20. Qxc8+ Qd7
21. Qxd7# 1-0

[Event "Challenge"]
[Site "http://www.queenalice.com/game.php?id=110815"]
[Date "2006.9.28"]
[Round "-"]
[White "LucasJ_Colegiao"]
[Black "dulen"]
[Result "0-1"]
[WhiteElo "1322"]
[BlackElo "1210"]

1. e4 e5 2. Nc3 Nc6 3. f4 Nf6 4. Nf3 exf4 5. d4 d6 6. Bxf4 d5 7. exd5 Nxd5 8.
Nxd5 Qxd5 9. Ng5 Qf5 10. g3 Nb4 11. h4 Nxc2+ 12. Ke2 Nxa1 13. Qxa1 Bb4 14. Bxc7
Bd7 15. Bg2 Bb5+ 16. Kd1 Qd3+ 17. Kc1 Qd2+ 0-1

[Event "esperanca"]
[Site "http://www.queenalice.com/game.php?id=112144"]
[Date "2006.10.1"]
[Round "-"]
[White "jbio"]
[Black "dulen"]
[Result "0-1"]
[WhiteElo "1243"]
[BlackElo "1192"]

1. c4 e5 2. Nc3 Bc5 3. Nf3 Nc6 4. e3 Nf6 5. d4 Bb6 6. Be2 d6 7. O-O Be6 8. d5
O-O 9. dxe6 fxe6 10. Ng5 Qe7 11. e4 Nd4 12. Bg4 h6 13. Nxe6 Nxe6 14. Nd5 Nxd5
15. cxd5 Nd4 16. Be3 Qh4 17. b4 Nb5 18. Bxb6 cxb6 19. Be6+ Kh8 20. f3 Nd4 21.
Qe1 Qf4 0-1

[Event "Challenge"]
[Site "http://www.queenalice.com/game.php?id=120034"]
[Date "2006.10.22"]
[Round "-"]
[White "piemme"]
[Black "dulen"]
[Result "1-0"]
[WhiteElo "1498"]
[BlackElo "1210"]

1. e4 e5 2. Nf3 Nc6 3. Bb5 Nf6 4. b3 Nxe4 5. Bxc6 bxc6 6. Nxe5 Bc5 7. Qf3 Nxf2
8. O-O d6 9. Qxc6+ Bd7 10. Nxd7 Bd4 11. c3 Bxc3 12. dxc3 Nd3 13. Ne5+ Ke7 14.
Nxf7 1-0

[Event "a verdade"]
[Site "http://www.queenalice.com/game.php?id=120478"]
[Date "2006.10.24"]
[Round "-"]
[White "jbio"]
[Black "dulen"]
[Result "1-0"]
[WhiteElo "1368"]
[BlackElo "1210"]

1. e4 e5 2. Nf3 d6 3. Be2 Nf6 4. d4 Nxe4 5. O-O Nc6 6. Bb5 Be7 7. d5 a6 8. dxc6
axb5 9. cxb7 Bxb7 10. Nc3 Bc6 11. Nxe4 Bxe4 12. c3 c5 13. Qe2 Bc6 14. Be3 O-O
15. Rad1 Rxa2 16. Bxc5 Qa5 17. Bb4 Qa4 18. Rd2 Qb3 19. Rfd1 Qc4 20. Rd3 e4 21.
Ne5 Qe6 22. Nxc6 exd3 23. Qxe6 fxe6 24. Nxe7+ Kf7 25. Bxd6 Rd8 26. Bb4 Rxb2 27.
Nc6 Ra8 28. Ne5+ Kg8 29. Nxd3 Rba2 30. g3 Rf8 31. Bxf8 Kxf8 32. Ne5 Ra3 33. Rd3
Ra1+ 34. Kg2 Ke7 35. Kh3 Kf6 36. f4 Kf5 37. Nf3 Ra4 38. Nd4+ Ke4 39. Rd1 Ra3 40.
Nxb5 Rb3 41. c4 h5 42. Nd6+ Kf3 43. Rf1+ Ke2 44. Kg2 Rd3 45. Rf2+ Ke1 46. Ne4
Re3 47. Nc5 Rc3 48. Nxe6 g6 49. Rf1+ Ke2 50. Rf2+ Ke1 51. c5 Rc4 52. Ra2 Re4 53.
c6 Rxe6 54. c7 Re8 55. Rc2 Rc8 56. Rc6 Ra8 57. c8=Q Ra2+ 58. Rc2 Rxc2+ 59. Qxc2
h4 60. Kf3 Kf1 61. Qf2# 1-0

[Event "combate II"]
[Site "http://www.queenalice.com/game.php?id=122087"]
[Date "2006.10.26"]
[Round "-"]
[White "dulen"]
[Black "jbio"]
[Result "0-1"]
[WhiteElo "1221"]
[BlackElo "1357"]

1. e4 d6 2. d4 Nf6 3. Nc3 g6 4. f4 Bg7 5. Nf3 O-O 6. Be3 e6 7. Bc4 c5 8. dxc5
dxc5 9. Bxc5 Re8 10. Bb5 Bd7 11. e5 Ng4 12. O-O Qc7 13. Bd6 Qb6+ 14. Qd4 Bxb5
15. Nxb5 Qxb5 16. c4 Qc6 17. Ng5 Nd7 18. b4 Rec8 19. h3 Ngxe5 20. fxe5 Qxc4 21.
Qg4 Qxg4 22. hxg4 Nxe5 23. Rf4 Nxg4 24. Rxg4 Bxa1 25. Kf2 Rc2+ 26. Kg1 Rd8 27.
Be7 Rdd2 28. Rf4 Be5 29. Rxf7 Rc1+ 30. Rf1 Bd4+ 31. Kh2 Rxf1 32. Nxe6 Bg1+ 33.
Kg3 Rd3+ 34. Kg4 Re3 35. Nf4 Rxe7 36. Kg5 Be3 37. g3 Bxf4+ 38. gxf4 Rf7 39. Kg4
R7xf4+ 40. Kg3 h5 41. Kg2 g5 42. b5 R1f2+ 43. Kg1 g4 44. a4 g3 45. a5 Ra4 46. a6
Ra1# 0-1

[Event "Challenge"]
[Site "http://www.queenalice.com/game.php?id=133417"]
[Date "2006.11.25"]
[Round "-"]
[White "rafaelbdb"]
[Black "dulen"]
[Result "1-0"]
[WhiteElo "1426"]
[BlackElo "1200"]

1. e3 e5 2. d4 Nc6 3. Bb5 Nb4 4. dxe5 Ne7 5. Nf3 Ned5 6. Nc3 Be7 7. Nxd5 Nxd5 8.
Bc4 c6 9. Bxd5 cxd5 10. O-O d6 11. exd6 1-0

[Event "Apresentacao"]
[Site "http://www.queenalice.com/game.php?id=140340"]
[Date "2006.12.12"]
[Round "-"]
[White "leomoraes"]
[Black "dulen"]
[Result "1-0"]
[WhiteElo "1485"]
[BlackElo "1193"]

1. Nf3 d5 2. d4 e6 3. Bd2 Nc6 4. e3 Be7 5. Be2 Nf6 6. Nc3 O-O 7. O-O b6 8. Bd3
a6 9. Ne5 Nxe5 10. dxe5 Nd7 11. f4 b5 12. a3 Bb7 13. Qf3 Nc5 14. Ne2 Na4 15.
Rab1 Qd7 16. c3 Nc5 17. Nc1 a5 18. Qh3 f5 19. g4 Ne4 20. Bxe4 fxe4 21. Ne2 Bc5
22. f5 Qe7 23. f6 gxf6 24. exf6 Rxf6 25. Rxf6 Qxf6 26. Rf1 Qg7 27. Kh1 Bc6 28.
Nf4 e5 29. Nh5 Qh6 30. Rf6 Qg5 31. Rxc6 Bd6 32. Be1 Rf8 33. Bh4 Qg6 34. Ra6 Rf3
35. Ra8+ Bf8 36. Qg2 Qc6 37. Rd8 Qc4 38. Bf2 Qe2 39. Bg1 Qe1 40. Rxd5 Bh6 41. g5
Rf1 42. gxh6+ Kf7 43. Qg7+ Ke6 44. Qd7# 1-0